000 00297 a2200145 4500
001 174079
020 _a
040 _cMagnum
100 _aPichon-Riviere, Enrique
240 1 0 _aO processo grupal
_lpor
245 1 0 _aO processo grupal
362 0 _a1899
697 _aPSICOLOGIA
942 _cBK
999 _c174079
_d174079